000 00435cam a2200169ua 4500
020 _cRs.1.50
041 _amal
_h
082 _a894.8122
_bBHA/KU
100 _aBhasi, Thoppil.
245 _aKudumbam /
_cThoppil Bhasi.
_hTextual Documents
260 _aKottayam :
_bPrabhatham printing and publishing co. pvt. ltd. ,
_c1959.
300 _a107 ; .
365 _aRs.1.50
504 _a
942 _cBK
999 _c1199
_d1199